Members of the UN Security Council - Statistics

General Stats
  • This quiz has been taken 78 times
  • The average score is 8 of 15
Answer Stats
Answer % Correct
China
99%
France
99%
Russia
99%
United Kingdom
99%
USA
99%
Japan
66%
Spain
53%
Egypt
36%
New Zealand
27%
Ukraine
23%
Malaysia
17%
Angola
11%
Venezuela
11%
Uruguay
10%
Senegal
9%
No matching quizzes found
Score Distribution
Percent of People with Each Score
Percentile by Number Answered
Your Score History
You have not taken this quiz